00700nam a22001937a 4500008004100000020001500041040001800056041000800074100001600082245008500098260006000183300004000243504005300283650003600336650003800372650002600410650002300436651004700459130821s1998 xxua gr eng  a1888363932 aCo-BoUCMbspa00aeng1 aWebb, Gary.10aDark alliance the CIA, the Contras, and the crack cocaine explosioncGary Webb. aNueva York (Estados Unidos)bSeven Stories Presscc1998 axxiii, 574 páginasbilustraciones aIncluye referencias bibliográficas e índice.04aAbuso de drogaszEstados Unidos04aContrarrevolucionarioszNicaragua04aCrackzEstados Unidos04aProblemas sociales10aUnited StatesbCentral Intelligence Agency